000 00779cam a22002657a 4500
003 CHAP
005 20220329141327.0
008 971013s r 00010 d
010 _a66456
011 _a67428
035 _a76898
040 _cCHAP
090 _aR-2447
100 0 0 _aLatimer, L. P.
_965069
245 0 _aHow much borax can an apple tree tolerate?
500 _aSobretiro de: Amer. Soc. Hort. Sci. Proc. 43: 21-24, 1943
590 _aBATCH-UPD
_b10
_c20130110
_lUCH01
_h0109
590 _aBATCH-UPD
_b10
_c20130110
_lUCH01
_h0747
590 _aCONVERSION
_b10
_c20130109
_lUCH01
_h1337
650 1 4 _aBoro
_xEfecto en manzana.
_913919
700 0 _aPercival, G. P.
_987071
901 _aBK
942 _cREIMP
949 _aR-2447
_bBC
_cR
_d-29755
_eTS1
_i76898
_mD
_si
999 _c66456
_d66456